<?xml version="1.0" encoding="UTF-8"?>
<record
    xmlns:xsi="http://www.w3.org/2001/XMLSchema-instance"
    xsi:schemaLocation="http://www.loc.gov/MARC21/slim http://www.loc.gov/standards/marcxml/schema/MARC21slim.xsd"
    xmlns="http://www.loc.gov/MARC21/slim">

  <leader>01707nam a2200385 i 4500</leader>
  <controlfield tag="003">DO-SdBNP</controlfield>
  <controlfield tag="005">20240305131556.0</controlfield>
  <controlfield tag="007">ta</controlfield>
  <controlfield tag="008">240305s1997    dr ao         001 0dspa d</controlfield>
  <datafield tag="040" ind1=" " ind2=" ">
    <subfield code="a">DO-SdBNP</subfield>
    <subfield code="b">spa</subfield>
    <subfield code="c">BNPHU</subfield>
    <subfield code="e">rda</subfield>
  </datafield>
  <datafield tag="082" ind1=" " ind2=" ">
    <subfield code="a">709.7293</subfield>
    <subfield code="b">B588n</subfield>
    <subfield code="2">22</subfield>
  </datafield>
  <datafield tag="111" ind1="2" ind2=" ">
    <subfield code="a">Bienal Nacional de Artes Visuales</subfield>
    <subfield code="n">(3&#xAA;</subfield>
    <subfield code="d">del 12 de octubre al 12 de enero de 1997 :</subfield>
    <subfield code="c">Santo Domingo, Rep&#xFA;blica Dominicana)</subfield>
    <subfield code="9">54937</subfield>
  </datafield>
  <datafield tag="245" ind1="1" ind2="0">
    <subfield code="a">Bienal de pintura del Caribe y Centroam&#xE9;rica :</subfield>
    <subfield code="b">del 12 de octubre al 12 de enero de 1997 /</subfield>
    <subfield code="c">proyecto editorial Betty Jansen, Marianne de Tolentino ; traducci&#xF3;n Carlos Garc&#xED;a, Pedro Can&#xF3; ; fotograf&#xED;as Marino Hern&#xE1;ndez</subfield>
  </datafield>
  <datafield tag="264" ind1=" " ind2="1">
    <subfield code="a">Santo Domingo :</subfield>
    <subfield code="b">Museo de Arte Moderno,</subfield>
    <subfield code="c">1997.</subfield>
  </datafield>
  <datafield tag="300" ind1=" " ind2=" ">
    <subfield code="a">154 p&#xE1;ginas</subfield>
    <subfield code="b">ilustraciones, fotograf&#xED;as </subfield>
    <subfield code="c">21 cm.</subfield>
  </datafield>
  <datafield tag="336" ind1=" " ind2=" ">
    <subfield code="2">rdacontent</subfield>
    <subfield code="a">texto</subfield>
    <subfield code="b">txt</subfield>
  </datafield>
  <datafield tag="337" ind1=" " ind2=" ">
    <subfield code="2">rdamedia</subfield>
    <subfield code="a">sin mediaci&#xF3;n</subfield>
    <subfield code="b">n</subfield>
  </datafield>
  <datafield tag="338" ind1=" " ind2=" ">
    <subfield code="2">rdacarrier</subfield>
    <subfield code="a">volumen</subfield>
    <subfield code="b">nc</subfield>
  </datafield>
  <datafield tag="500" ind1=" " ind2=" ">
    <subfield code="a">Incluye &#xED;ndice de artistas por pa&#xED;ses. </subfield>
  </datafield>
  <datafield tag="500" ind1=" " ind2=" ">
    <subfield code="a">Incluye lista de ganadores y de artistas invitados.</subfield>
  </datafield>
  <datafield tag="590" ind1=" " ind2=" ">
    <subfield code="a">Inventariado, 2024/ YL</subfield>
  </datafield>
  <datafield tag="650" ind1=" " ind2="4">
    <subfield code="a">Arte dominicano</subfield>
    <subfield code="y">SIGLO XX</subfield>
    <subfield code="9">23012</subfield>
  </datafield>
  <datafield tag="650" ind1=" " ind2="4">
    <subfield code="a">Arte moderno</subfield>
    <subfield code="y">SIGLO XX</subfield>
    <subfield code="9">54938</subfield>
  </datafield>
  <datafield tag="650" ind1=" " ind2="4">
    <subfield code="a">Pintura dominicana</subfield>
    <subfield code="x">Premios</subfield>
    <subfield code="9">23013</subfield>
  </datafield>
  <datafield tag="650" ind1=" " ind2="4">
    <subfield code="a">Escultura dominicana</subfield>
    <subfield code="x">Premios</subfield>
    <subfield code="9">54939</subfield>
  </datafield>
  <datafield tag="650" ind1=" " ind2="4">
    <subfield code="a">Cer&#xE1;mica dominicana</subfield>
    <subfield code="x">Premios</subfield>
    <subfield code="9">54940</subfield>
  </datafield>
  <datafield tag="700" ind1="1" ind2=" ">
    <subfield code="a">Jansen, Betty</subfield>
    <subfield code="e">proyecto editorial</subfield>
    <subfield code="9">59520</subfield>
  </datafield>
  <datafield tag="700" ind1="1" ind2=" ">
    <subfield code="a">Tolentino, Marianne de</subfield>
    <subfield code="e">proyecto editorial</subfield>
    <subfield code="9">15222</subfield>
  </datafield>
  <datafield tag="700" ind1="1" ind2=" ">
    <subfield code="a">Garc&#xED;a, Carlos</subfield>
    <subfield code="e">traducci&#xF3;n</subfield>
    <subfield code="9">67425</subfield>
  </datafield>
  <datafield tag="700" ind1="1" ind2=" ">
    <subfield code="a">Can&#xF3;, Pedro</subfield>
    <subfield code="e">traducci&#xF3;n</subfield>
    <subfield code="9">55347</subfield>
  </datafield>
  <datafield tag="700" ind1="1" ind2=" ">
    <subfield code="a">Hern&#xE1;ndez, Marino</subfield>
    <subfield code="e">fotograf&#xED;as</subfield>
    <subfield code="9">84980</subfield>
  </datafield>
  <datafield tag="710" ind1="2" ind2=" ">
    <subfield code="a">Museo de Arte Moderno (Rep&#xFA;blica Dominicana)</subfield>
    <subfield code="9">54941</subfield>
  </datafield>
  <datafield tag="910" ind1=" " ind2=" ">
    <subfield code="a">YLockward</subfield>
  </datafield>
  <datafield tag="942" ind1=" " ind2=" ">
    <subfield code="2">ddc</subfield>
    <subfield code="c">LBS1</subfield>
  </datafield>
  <datafield tag="952" ind1=" " ind2=" ">
    <subfield code="0">0</subfield>
    <subfield code="1">0</subfield>
    <subfield code="2">ddc</subfield>
    <subfield code="5">1</subfield>
    <subfield code="7">0</subfield>
    <subfield code="8">PD</subfield>
    <subfield code="a">BNPHU</subfield>
    <subfield code="b">BNPHU</subfield>
    <subfield code="c">CT</subfield>
    <subfield code="d">2018-07-02</subfield>
    <subfield code="e">Donado por CERTV</subfield>
    <subfield code="l">0</subfield>
    <subfield code="o">BNPHU PD 709.7293 B588n</subfield>
    <subfield code="p">2024-1269</subfield>
    <subfield code="r">2024-03-05</subfield>
    <subfield code="w">2024-03-05</subfield>
    <subfield code="y">LBS1</subfield>
  </datafield>
  <datafield tag="999" ind1=" " ind2=" ">
    <subfield code="c">56037</subfield>
    <subfield code="d">56037</subfield>
  </datafield>
</record>
